| 000 | 00521nam a2200205Ia 4500 | ||
|---|---|---|---|
| 008 | 140626s9999 xx 000 0 und d | ||
| 100 | _aCreemers, Rogier. | ||
| 245 |
_aWhy China considers pluralism unthinkable / _c Rogier.Creemers |
||
| 260 | _cc2013. | ||
| 300 | _a40 : 3, page 219 | ||
| 440 | _aMedia Asia | ||
| 521 | _aMC | ||
| 650 | _aChina. | ||
| 650 | _aCommunication. | ||
| 650 | _aCriticism. | ||
| 650 | _aFree speech. | ||
| 650 | _aPluralism. | ||
| 650 | _aPolitical organizations. | ||
| 942 | _cSE | ||
| 999 |
_c121206 _d121206 |
||